000 00836nam a2200229 a 4500
001 36797
003 BD-RjUL
005 20211209052537.0
008 160323s1947 ii ||||e |||| 00| 0 ben d
020 _cPRs. 3.00
035 _a(BD-RjUL)36899
040 _aBD-RjUL
_bben
_cBD-RjUL
041 _aben
082 _a891.443
_bBHG 1947
_223
100 _aভট্টাচার্য, পশুপতি
_9112238
245 1 0 _aঘূর্ণাবর্ত :
_b(উপন্যাস) /
_cপশুপতি ভট্টাচার্য
260 _aকলিকাতা :
_bগোপাল দাস মজুমদার,
_c১৯৪৭ [১৩৫৪]
300 _a২০৬ পৃ. ;
_c১৮ সেমি.
650 _aবাংলা উপন্যাস
_9111928
650 _aBenglali Fiction
_9112240
942 _2ddc
_cBK
999 _c36797
_d36797